Central Library OPAC University of Rajshahi

Museums for the 1980s : (Record no. 1023)

MARC details
000 -LEADER
fixed length control field 00771nam a2200265 i 4500
001 - CONTROL NUMBER
control field 1023
003 - CONTROL NUMBER IDENTIFIER
rucl marc code BD-RjUL
005 - DATE AND TIME OF LATEST TRANSACTION
control field 20211208233251.0
008 - FIXED-LENGTH DATA ELEMENTS--GENERAL INFORMATION
fixed length control field 131124s1977 enka 00110 eng d
020 ## - INTERNATIONAL STANDARD BOOK NUMBER
International Standard Book Number 0333220315
035 ## - SYSTEM CONTROL NUMBER
System control number (BD-RjUL)1045
040 ## - CATALOGING SOURCE
Original cataloging agency DLC
Transcribing agency DLC
Modifying agency BD-RjUL
Language of cataloging eng
041 ## - LANGUAGE CODE
Language code of text/sound track or separate title eng
082 ## - DEWEY DECIMAL CLASSIFICATION NUMBER
Edition number 22
Classification number 069
Author mark and year HUM 1977
100 1# - MAIN ENTRY--PERSONAL NAME
Personal name Hudson, Kenneth.
9 (RLIN) 3014
245 10 - TITLE STATEMENT
Title Museums for the 1980s :
Remainder of title a survey of world trends /
Statement of responsibility, etc. by Kenneth Hudson ; with a foreword by Georges Henri Rivi�ere.
260 ## - PUBLICATION, DISTRIBUTION, ETC. (IMPRINT)
Place of publication, distribution, etc. London :
Name of publisher, distributor, etc. Macmillan,
Date of publication, distribution, etc. 1977.
300 ## - PHYSICAL DESCRIPTION
Pagination x, 198 p. :
Illustrations ill. ;
Size 28 cm.
500 ## - GENERAL NOTE
General note Includes index.
504 ## - BIBLIOGRAPHY, ETC. NOTE
Bibliography, etc Bibliography: p. [180]-184.
650 #0 - SUBJECT ADDED ENTRY--TOPICAL TERM
Topical term or geographic name as entry element Museums.
9 (RLIN) 2953
942 ## - ADDED ENTRY ELEMENTS (KOHA)
Source of classification or shelving scheme Dewey Decimal Classification
Koha item type Books
Holdings
Lost status Source of classification or shelving scheme Damaged status Not for loan Collection code Permanent Location Current Location Shelving location Date acquired Source of acquisition Total Checkouts Full call number Date last seen Copy number Koha item type
  Dewey Decimal Classification   Not For Loan Non-fiction Central Library, University of Rajshahi Central Library, University of Rajshahi Reading Room 28/08/1982 UNESCO Gift   069 HUM 1977 24/11/2013 C-1 Books